Fade Into You - Mazzy Star (lyrics) - Statistics

General Stats
  • This quiz has been taken 189 times
  • The average score is 117 of 144
Answer Stats
Answer % Correct
I
100%
I
100%
i
100%
in
99%
to
98%
you
98%
You
98%
fade
96%
into
94%
a
92%
want
91%
the
89%
hand
88%
hold
88%
see
88%
inside
87%
look
86%
your
86%
never
85%
not
85%
strange
85%
knew
84%
nothing
84%
that
84%
then
84%
and
83%
it's
83%
think
83%
breath
79%
take
78%
true
78%
that's
77%
truth
77%
go
74%
darkness
72%
life
72%
live
70%
shadows
70%
come
65%
of
60%
there
57%
You'll
57%
you'll
57%
kind
54%
some
54%
with
54%
heart
53%
eyes
51%
head
51%
what's
51%
cover
49%
light
49%
apart
48%
hands
47%
night
47%
put
47%
stranger
47%
slowly
41%
stranger's
41%
without
41%
comes
40%
home
38%
black
34%
smiles
34%
colors
23%
No matching quizzes found
Score Distribution
Percent of People with Each Score
Percentile by Number Answered
Your Score History
You have not taken this quiz